UBT Library

Foundations of sport management / (Record no. 40911)

000 -LEADER
fixed length control field 00623cam a22002294a 4500
001 - CONTROL NUMBER
control field 13968195
005 - DATE AND TIME OF LATEST TRANSACTION
control field 20180125042818.0
008 - FIXED-LENGTH DATA ELEMENTS--GENERAL INFORMATION
fixed length control field 050516s2005 wvua 000 0 eng
010 ## - LIBRARY OF CONGRESS CONTROL NUMBER
LC control number 2005927597
020 ## - INTERNATIONAL STANDARD BOOK NUMBER
International Standard Book Number 1885693613
040 ## - CATALOGING SOURCE
Original cataloging agency DLC
Transcribing agency DLC
Modifying agency DLC
041 ## - LANGUAGE CODE
Language code of text/sound track or separate title eng
042 ## - AUTHENTICATION CODE
Authentication code pcc
080 ## - UNIVERSAL DECIMAL CLASSIFICATION NUMBER
Universal Decimal Classification number 796.069 GIL
082 00 - DEWEY DECIMAL CLASSIFICATION NUMBER
Classification number 796.069 GIL
Edition number 22
100 ## - Rafti
Rafti 53
101 ## - Shkurtesa
Shkurtesa MEN
245 00 - TITLE STATEMENT
Title Foundations of sport management /
Statement of responsibility, etc Andy Gillentine, R. Brian Crow, editors.
906 ## - LOCAL DATA ELEMENT F, LDF (RLIN)
a 7
b cbc
c orignew
d 2
e epcn
f 20
g y-gencatlg
942 ## - ADDED ENTRY ELEMENTS (KOHA)
Source of classification or shelving scheme
Item type Books
Holdings
Withdrawn status Lost status Source of classification or shelving scheme Damaged status Not for loan Collection code Permanent location Current location Shelving location Date acquired Total Checkouts Full call number Barcode Date last seen Price effective from Koha item type
          Koleksioni i përgjithshem UBT - Lipjan UBT - Lipjan Koleksioni i përgjithshem 01/25/2018   796.069 GIL 002-2996161 01/25/2018 01/25/2018 Books
UBT Library © 2015-2024. All rights reserved University Education for Business and Technology